Internal combustion engines (Record no. 24482)

000 -LEADER
fixed length control field 00576nam a22002051 4500
001 - CONTROL NUMBER
control field 24482
003 - CONTROL NUMBER IDENTIFIER
control field BD-DhUET
008 - FIXED-LENGTH DATA ELEMENTS--GENERAL INFORMATION
fixed length control field 681231s1968 paua b 001 0 eng
040 ## - CATALOGING SOURCE
Original cataloging agency DLC
Transcribing agency DLC
Modifying agency BD-DhUET
082 00 - DEWEY DECIMAL CLASSIFICATION NUMBER
Classification number 621.43
Item number OBE/1968
100 ## - MAIN ENTRY--PERSONAL NAME
Personal name Obert, Edward F.
245 10 - TITLE STATEMENT
Title Internal combustion engines
250 ## - EDITION STATEMENT
Edition statement 3rd ed.
260 ## - PUBLICATION, DISTRIBUTION, ETC. (IMPRINT)
Place of publication, distribution, etc. Scranton
Name of publisher, distributor, etc. International Textbook
Date of publication, distribution, etc. 1968
300 ## - PHYSICAL DESCRIPTION
Extent xiii, 736p.
Other physical details illus
490 0# - SERIES STATEMENT
Series statement International textbooks in mechanical engineering
504 ## - BIBLIOGRAPHY, ETC. NOTE
Bibliography, etc Includes bibliographies
650 #0 - SUBJECT ADDED ENTRY--TOPICAL TERM
Topical term or geographic name as entry element Internal combustion engines
942 ## - ADDED ENTRY ELEMENTS (KOHA)
Koha item type General Book
Holdings
Copy number Date acquired Sublocation or collection (holding branch) Not for loan Koha issues (times borrowed) Koha full call number Koha date last borrowed Location (home branch) Source of classification or shelving scheme Shelving location Koha normalized classification for sorting Damaged status Piece designation (barcode) Koha item type Lost status Koha date last seen Withdrawn status Price effective from
12015-05-09Central Library, BUET 2621.43/OBE/19682019-09-28Central Library, BUET Circulation section621_430000000000000_OBE_1968 19063General Book 2019-11-18 2015-05-09
22015-06-16Central Library, BUET  621.43/OBE/1968 Central Library, BUET Reading section621_430000000000000_OBE_1968 32007General Book 2015-06-16 2015-06-16
32015-06-16Central Library, BUET  621.43/OBE/1968 Central Library, BUET Reading section621_430000000000000_OBE_1968 40437Reading Item 2015-06-16 2015-06-16
42015-06-23Central Library, BUET  621.43/OBE/1968 Central Library, BUET Reading section621_430000000000000_OBE_1968 19060Reading Item 2015-06-23 2015-06-23
52015-07-03Central Library, BUET  621.43/OBE/1968 Central Library, BUET Reading section621_430000000000000_OBE_1968 32117Reading Item 2015-07-03 2015-07-03